书目信息 |
| 题名: |
容易用错的字
|
|
| 作者: | 晓敏 著 | |
| 分册: | ||
| 出版信息: | 北京 北京出版社 1978 |
|
| 页数: | 98页 | |
| 开本: | 19cm | |
| 丛书名: | 语文小丛书 | |
| 单 册: | ||
| 中图分类: | H023 | |
| 科图分类: | ||
| 主题词: | 汉字-错别字--基本知识 , 文字学 , 错别字-汉字--基本知识 | |
| 电子资源: | ||
| ISBN: | ||
| 000 | 00695nam2 2200265 45 | |
| 001 | 0178003517 | |
| 005 | 20060819171735.42 | |
| 010 | @dCNY0.21 | |
| 091 | @a9071.30 | |
| 100 | @a19950717d1978 em y0chiy0121 ea | |
| 101 | 0 | @achi |
| 102 | @aCN@b110000 | |
| 105 | @ay z 000yy | |
| 200 | 10 | @a容易用错的字@Arong yi yong cuo de zi@f晓敏著@Fxiao min zhu |
| 210 | @a北京@c北京出版社@d1978 | |
| 215 | @a98页@d19cm | |
| 225 | 2 | @a语文小丛书 |
| 410 | 0 | @120010@a语文小丛书 |
| 606 | @a汉字-错别字@x基本知识 | |
| 606 | 0 | @a文字学 |
| 606 | @a错别字-汉字@x基本知识 | |
| 690 | @aH023@v3 | |
| 701 | 0 | @a晓敏@Axiao min@4著 |
| 801 | 0 | @aCN@bNLC@c20060819 |
| 905 | @dH023@e1@f1@b24070@b24076@f1 | |
| 容易用错的字/晓敏著.-北京:北京出版社,1978 |
| 98页;19cm.-(语文小丛书) |
| ISBN :CNY0.21 |
| ● |
| 相关链接 |
|
|
|
|
正题名:容易用错的字
索取号:H023/1
 
预约/预借
| 序号 | 登录号 | 条形码 | 馆藏地/架位号 | 状态 | 备注 |
| 1 | 0000855 | 202193624 | 密集书库/ [索取号:H023/1] | 在馆 | |
| 2 | 0000859 | 202193580 | 密集书库/ [索取号:H023/1] | 在馆 | |
| 3 | 0024067 | 000819154 | 第二样本阅览室/ [索取号:H023/1] | 在馆 | |
| 4 | 0024069 | 001901589 | 密集书库/ [索取号:H023/1] | 在馆 | |
| 5 | 0024070 | 000819136 | 第四借阅区/ [索取号:H023/1] | 在馆 | |
| 6 | 0024072 | 001901570 | 密集书库/ [索取号:H023/1] | 在馆 | |
| 7 | 0024076 | 000819145 | 第四借阅区/ [索取号:H023/1] | 在馆 | |
| 8 | 0462667 | 204626672 | 密集书库/ [索取号:H023/1] | 在馆 | |
| 9 | 0471164 | 204711641 | 密集书库/ [索取号:H023/1] | 在馆 |